000 01331cam a2200337I 4500
001 scienceincauseof00pielrich
003 CaSfIA
005 20210119080631.0
007 cr||||
008 721003s1962 nyu 000 0 eng c
010 _a 62014760
040 _aOUN
_cOUN
_dDRB
_dAU@
_dNIALS
_dCaSfIA
035 _a(OCoLC)421651
050 0 0 _aCB151
_b.P53 1962
082 0 0 _a901.9
100 1 _aPiel, Gerard.
245 1 0 _aScience in the cause of man.
_h[electronic resource]
250 _a2d ed., rev. and enl.
260 _aNew York,
_bKnopf,
_c1962.
300 _a337 p.
_c22 cm.
650 0 _aScience and civilization.
856 4 1 _uhttp://www.archive.org/details/scienceincauseof00pielrich
_zFree eBook from the Internet Archive
856 4 2 _uhttp://www.openlibrary.org/books/OL5853764M
_zAdditional information and access via Open Library
029 1 _aNLGGC
_b059303360
029 1 _aNLGGC
_b198206070
029 1 _aNZ1
_b6941445
029 1 _aAU@
_b000010760410
942 _cEB
506 _fНеобхідна авторизація на https://archive.org/ (створення облікового запису безкоштовно)
506 _fНеобхідна авторизація на https://openlibrary.org/ (створення облікового запису безкоштовно)
999 _c546255
_d546255